Normal view
MARC view
- Nationalism
Entry Topical Term
001 - CONTROL NUMBER
- control field: 109552
003 - CONTROL NUMBER IDENTIFIER
- control field: NUST
005 - DATE AND TIME OF LATEST TRANSACTION
- control field: 20230224094327.0
008 - FIXED-LENGTH DATA ELEMENTS
- fixed length control field: 230224|| aca||aabn | a|a d
040 ## - CATALOGING SOURCE
- Original cataloging agency: NUST
- Transcribing agency: NUST
150 ## - HEADING--TOPICAL TERM
- Topical term or geographic name entry element: Nationalism
- Geographic subdivision: Bangladesh
- General subdivision: History
670 ## - SOURCE DATA FOUND
- Source citation: Work cat.: (NUST)0: Zaheer, Hasan. 24083, The separation of East Pakistan : , 1994.
